[Event "6th OHRA Open"]
[Site "Amsterdam NED"]
[Date "1987.08.03"]
[Round "1"]
[White "Campora, Daniel Hugo"]
[Black "Winants, Luc"]
[Result "1-0"]
[WhiteElo "2545"]
[BlackElo "2440"]
[EventDate "1987.08.03"]
[PlyCount "99"]

1.e4 c5 2.Nc3 Nc6 3.f4 g6 4.Nf3 Bg7 5.Bb5 d6 6.O-O Nf6 7.Bxc6+ bxc6 8.d3 
O-O 9.Qe1 Ne8 10.Qh4 f5 11.Bd2 Nf6 12.Rae1 Rb8 13.e5 Nd5 14.Nxd5 cxd5 15.
exd6 exd6 16.Re7 Rb7 17.Rfe1 Rxe7 18.Rxe7 Rf7 19.Rxf7 Bd4+ 20.Nxd4 Qxh4 
21.Nf3 Qd8 22.Rxa7 Qb6 23.Re7 Qd8 24.Re2 h6 25.d4 Ba6 26.Re1 Qd7 27.Bc3 
Qa4 28.Re6 cxd4 29.Bxd4 Qxa2 30.Rxg6+ Kf7 31.Rxh6 Qb1+ 32.Kf2 Qxc2+ 33.Kg3
Bf1 34.Bf2 Ke7 35.b4 Qb2 36.Rh7+ Ke8 37.h4 Be2 38.Nd4 Bd3 39.h5 Qc3 40.h6 
Bf1+ 41.Nf3 Qf6 42.Kh2 d4 43.Kg1 Bxg2 44.Bxd4 Qg6 45.Rg7 Qxh6 46.Kxg2 Qe6 
47.Kg3 Qe4 48.Bf6 Qxb4 49.Re7+ Kf8 50.Ng5 1-0

[Event "6th OHRA Open"]
[Site "Amsterdam NED"]
[Date "1987.08.03"]
[Round "1"]
[White "Rodriguez Cespedes, Amador"]
[Black "Heinbuch, Detlef"]
[Result "1-0"]
[WhiteElo "2515"]
[BlackElo "2380"]
[EventDate "1987.08.03"]
[PlyCount "89"]

1.e4 c5 2.Nf3 Nc6 3.d4 cxd4 4.Nxd4 Nf6 5.Nc3 d6 6.Bg5 e6 7.Qd2 a6 8.O-O-O 
Bd7 9.f4 h6 10.Bh4 g5 11.fxg5 Ng4 12.Nxc6 Bxc6 13.Qf4 hxg5 14.Bxg5 Qxg5 
15.Qxg5 Bh6 16.Qxh6 Rxh6 17.Rxd6 Nf2 18.Rg1 Rxh2 19.Be2 Ke7 20.Rd4 Rg8 21.
Bf3 Ng4 22.Re1 Ne5 23.Nd5+ Bxd5 24.exd5 Nxf3 25.gxf3 Rgg2 26.Rc4 Rf2 27.
dxe6 fxe6 28.Rc3 Kf6 29.Rc7 a5 30.a4 Rh4 31.b3 Rb4 32.Re3 b5 33.Rb7 bxa4 
34.Rxb4 axb4 35.bxa4 Ke7 36.Rd3 e5 37.Kb2 Ke6 38.Kb3 Kf5 39.a5 e4 40.fxe4+
Kxe4 41.Rd1 Ke5 42.a6 Rf6 43.Ra1 Rf8 44.a7 Ra8 45.Ra6 1-0

[Event "6th OHRA Open"]
[Site "Amsterdam NED"]
[Date "1987.08.03"]
[Round "1"]
[White "Cifuentes Parada, Roberto"]
[Black "Belkhodja, Slim"]
[Result "1/2-1/2"]
[WhiteElo "2490"]
[BlackElo "2375"]
[EventDate "1987.08.03"]
[PlyCount "42"]

1.d4 Nf6 2.Nf3 d6 3.c4 g6 4.Nc3 Bg7 5.e4 O-O 6.Be3 Nbd7 7.Nd2 e5 8.d5 Ne8 
9.Be2 f5 10.f3 Bh6 11.Bf2 Qg5 12.g3 a5 13.Qc2 Nc5 14.Rd1 Ng7 15.O-O Qe7 
16.Kg2 Nh5 17.Nb3 Nxb3 18.Qxb3 b6 19.Qc2 Qg5 20.Kh1 Qe7 21.Kg2 Qg5 1/2-1/2

[Event "6th OHRA Open"]
[Site "Amsterdam NED"]
[Date "1987.08.03"]
[Round "1"]
[White "Carlier, Bruno"]
[Black "Farago, Ivan"]
[Result "0-1"]
[WhiteElo "2380"]
[BlackElo "2475"]
[EventDate "1987.08.03"]
[PlyCount "90"]

1.e4 e6 2.d4 d5 3.e5 c5 4.c3 Nc6 5.Nf3 Qb6 6.a3 c4 7.Be2 Na5 8.Nbd2 Bd7 9.
O-O h6 10.h4 Ne7 11.Re1 Nec6 12.g3 Be7 13.Bf1 O-O-O 14.Bh3 Kb8 15.Kg2 Ka8 
16.Nf1 Nb3 17.Rb1 Rdg8 18.N1h2 Qc7 19.Be3 f5 20.exf6 gxf6 21.Kh1 e5 22.
Bxd7 Qxd7 23.Ng1 Bd8 24.Qh5 exd4 25.cxd4 Bb6 26.Ne2 Nbxd4 27.Nxd4 Nxd4 28.
Red1 Nf5 29.Bxb6 axb6 30.Qf3 d4 31.b3 c3 32.Qxc3 dxc3 33.Rxd7 Rd8 34.Rc7 
Rc8 35.Rxc8+ Rxc8 36.Nf3 c2 37.Rc1 Rc3 38.Kg2 h5 39.b4 b5 40.Ne1 Nd4 41.g4
hxg4 42.h5 f5 43.h6 f4 44.Nxc2 Ne2 45.h7 Rh3 0-1

[Event "6th OHRA Open"]
[Site "Amsterdam NED"]
[Date "1987.08.03"]
[Round "1"]
[White "Van der Sterren, Paul"]
[Black "Boersma, Paulus"]
[Result "1-0"]
[WhiteElo "2525"]
[BlackElo "2410"]
[EventDate "1987.08.03"]
[PlyCount "73"]

1.d4 d5 2.Nf3 Nf6 3.c4 dxc4 4.Nc3 c6 5.a4 Bg4 6.Ne5 Bh5 7.f3 Nfd7 8.Nxc4 
e5 9.Ne4 Bb4+ 10.Bd2 Bxd2+ 11.Qxd2 O-O 12.Nxe5 Nxe5 13.dxe5 Nd7 14.f4 Bg4 
15.e3 Qe7 16.Qd6 Qh4+ 17.g3 Qh5 18.Bg2 Rad8 19.O-O Nb6 20.Qc5 Be2 21.Rfe1 
Nc4 22.g4 Qxg4 23.h3 Qh5 24.Ng3 Qg6 25.Rxe2 Nd2 26.Qc3 Rd3 27.Qc2 Qxg3 28.
Rxd2 Qxe3+ 29.Rf2 Rfd8 30.Qe2 Qc5 31.e6 fxe6 32.Qxe6+ Kh8 33.Re1 Rd1 34.
Rxd1 Rxd1+ 35.Kh2 h6 36.Qe8+ Kh7 37.Be4+ 1-0

[Event "6th OHRA Open"]
[Site "Amsterdam NED"]
[Date "1987.08.03"]
[Round "1"]
[White "Gutman, Lev"]
[Black "Riemersma, Liafbern"]
[Result "0-1"]
[WhiteElo "2475"]
[BlackElo "2345"]
[EventDate "1987.08.03"]
[PlyCount "114"]

1.d4 Nf6 2.c4 g6 3.g3 Bg7 4.Bg2 O-O 5.Nf3 d6 6.O-O Nc6 7.h3 a6 8.Be3 Rb8 
9.Qc1 Nd7 10.Rd1 Re8 11.Bh6 Bh8 12.Nc3 Na5 13.b3 b6 14.Qd2 c5 15.dxc5 bxc5
16.Ng5 Bb7 17.Bxb7 Rxb7 18.Rac1 Nf6 19.Nd5 Rb8 20.g4 Nd7 21.Ne3 Nf6 22.Nd5
Nd7 23.Nf4 Nf6 24.Rc3 Nc6 25.Nxf7 Kxf7 26.g5 Nd7 27.Ne6 Qc8 28.Qd5 Kg8 29.
Rf3 Nb6 30.Qe4 Ne5 31.Re3 Qxe6 32.f4 Qf5 33.Qxf5 gxf5 34.fxe5 Bxe5 35.Kg2 
Kf7 36.Rf3 Kg6 37.h4 e6 38.Rh1 Kf7 39.h5 Rg8 40.e4 Ke7 41.exf5 exf5 42.
Rxf5 Ke6 43.Rhf1 Nd7 44.Kh3 a5 45.Rf7 a4 46.bxa4 Rh8 47.Bg7 Bxg7 48.Rxg7 
Rhg8 49.Rff7 Rxg7 50.Rxg7 Nf8 51.Ra7 d5 52.cxd5+ Kxd5 53.Kg4 c4 54.Kf3 Re8
55.a5 c3 56.Rc7 Kd4 57.Ra7 Rc8 0-1

[Event "6th OHRA Open"]
[Site "Amsterdam NED"]
[Date "1987.08.03"]
[Round "1"]
[White "Lobron, Eric"]
[Black "Douven, Rudy"]
[Result "1-0"]
[WhiteElo "2530"]
[BlackElo "2425"]
[EventDate "1987.08.03"]
[PlyCount "81"]

1.e4 c6 2.d4 d5 3.Nc3 dxe4 4.Nxe4 Bf5 5.Ng3 Bg6 6.h4 h6 7.Nf3 Nd7 8.h5 Bh7
9.Bd3 Bxd3 10.Qxd3 e6 11.Bd2 Ngf6 12.O-O-O Be7 13.Qe2 a5 14.Ne5 a4 15.a3 
O-O 16.Rh3 Rc8 17.Kb1 c5 18.Bc1 Qc7 19.Ng6 fxg6 20.Qxe6+ Kh8 21.hxg6 Qd6 
22.Qxd6 Bxd6 23.Nf5 Ne4 24.Nxd6 Nxf2 25.Re1 Nxh3 26.Nxc8 Rxc8 27.gxh3 Nf8 
28.dxc5 Nxg6 29.Re4 Rxc5 30.Rxa4 Rh5 31.Rb4 Rxh3 32.Rxb7 Rh1 33.a4 Nf4 34.
Re7 Nd5 35.Re5 Nc7 36.a5 g5 37.Rc5 Na6 38.Rc6 Nb4 39.Rb6 Nd5 40.Rb8+ Kg7 
41.a6 1-0

[Event "6th OHRA Open"]
[Site "Amsterdam NED"]
[Date "1987.08.03"]
[Round "1"]
[White "Marinkovic, Ivan"]
[Black "Gavrikov, Viktor"]
[Result "0-1"]
[WhiteElo "2420"]
[BlackElo "2525"]
[EventDate "1987.08.03"]
[PlyCount "100"]

1.e4 c5 2.Nf3 d6 3.d4 cxd4 4.Nxd4 Nf6 5.Nc3 e6 6.g3 Nc6 7.Bg2 Bd7 8.O-O 
Be7 9.b3 a6 10.Bb2 Rc8 11.Qd2 O-O 12.Rfe1 Qc7 13.Rac1 b5 14.Nd1 Rfd8 15.
Ne3 Nxd4 16.Qxd4 Bc6 17.c4 Qb7 18.cxb5 axb5 19.Rxc6 Qxc6 20.e5 Qa6 21.exf6
Bxf6 22.Qd2 Qxa2 23.Bc3 Qxd2 24.Bxd2 Bc3 25.Rd1 d5 26.Bf1 b4 27.Bb5 e5 28.
Kf1 Rc5 29.Ba4 d4 30.Nc2 Rb8 31.Ke2 e4 32.Ke1 d3 33.Ne3 f5 34.f4 Kf7 35.
Kf2 Ke6 36.Nc4 Ra8 37.Ne3 g6 38.h3 Rf8 39.h4 Rfc8 40.Ke1 R8c7 41.Be8 Bxd2+
42.Kxd2 Rc8 43.Ba4 Rc2+ 44.Nxc2 Rxc2+ 45.Ke3 Kd5 46.Rd2 Rxd2 47.Kxd2 Kd4 
48.Bc6 e3+ 49.Kd1 Kc3 50.Bb5 e2+ 0-1

[Event "6th OHRA Open"]
[Site "Amsterdam NED"]
[Date "1987.08.03"]
[Round "1"]
[White "Kuijf, Marinus"]
[Black "Dlugy, Maxim"]
[Result "1/2-1/2"]
[WhiteElo "2430"]
[BlackElo "2545"]
[EventDate "1987.08.03"]
[PlyCount "80"]

1.e4 c6 2.d4 d5 3.exd5 cxd5 4.c4 Nf6 5.Nc3 e6 6.Nf3 Be7 7.cxd5 Nxd5 8.Bd3 
Nc6 9.O-O O-O 10.Re1 Bf6 11.Be4 Qd6 12.Bg5 Bxg5 13.Nxg5 Nf6 14.d5 exd5 15.
Nxd5 Nxe4 16.Nxe4 Qh6 17.Qc1 Qxc1 18.Raxc1 Rd8 19.Nd6 Be6 20.Nc7 Rab8 21.
Nxe6 Rxd6 22.Nc5 b6 23.Nb7 Rf6 24.Red1 Kf8 25.Nd6 Ne7 26.g3 a6 27.Ne4 Re6 
28.Ng5 Rg6 29.Nf3 Rc6 30.Rxc6 Nxc6 31.Rd7 Ke8 32.Rc7 Nd8 33.Ra7 a5 34.Ne5 
Rc8 35.Ra6 Rc5 36.Nd3 Rd5 37.Nf4 Rd6 38.Kf1 Kd7 39.Ra7+ Kc6 40.Ke2 Nb7 
1/2-1/2

[Event "6th OHRA Open"]
[Site "Amsterdam NED"]
[Date "1987.08.03"]
[Round "1"]
[White "Peelen, Piet"]
[Black "Murey, Jacob"]
[Result "1/2-1/2"]
[WhiteElo "2385"]
[BlackElo "2505"]
[EventDate "1987.08.03"]
[PlyCount "108"]

1.c4 g6 2.Nc3 Bg7 3.g3 e5 4.Bg2 Ne7 5.Nf3 O-O 6.O-O c5 7.a3 Nbc6 8.Rb1 d5 
9.cxd5 Nxd5 10.Nxd5 Qxd5 11.d3 Qd6 12.b4 cxb4 13.axb4 Nxb4 14.Ba3 a5 15.
Nd2 Rd8 16.Nc4 Qc7 17.Bxb4 axb4 18.Rxb4 Ra7 19.Qb3 Bg4 20.Re1 Rb8 21.Ne3 
Bd7 22.Nd5 Qc5 23.Rb6 Kh8 24.Rb1 f5 25.Qb4 Qxb4 26.Nxb4 e4 27.dxe4 Re8 28.
exf5 Bxf5 29.Rd1 Bf8 30.Bf3 g5 31.Nd5 g4 32.Bg2 Rxe2 33.Bf1 Re5 34.Nc3 Bc5
35.Rb5 b6 36.Nd5 Re6 37.Ne3 Rf6 38.Nd5 Rd6 39.Rb2 Rad7 40.Rbd2 Be4 41.Bg2 
Bf3 42.Bxf3 gxf3 43.Rd3 b5 44.g4 b4 45.h3 Kg7 46.Kh2 Bxf2 47.Nxb4 Rxd3 48.
Rxd3 Rf7 49.Rd1 Bh4 50.Rf1 Be7 51.Nc6 Bd6+ 52.Kh1 Rf4 53.Rd1 Bc5 54.Ne5 
Bd4 1/2-1/2

[Event "6th OHRA Open"]
[Site "Amsterdam NED"]
[Date "1987.08.04"]
[Round "2"]
[White "Gavrikov, Viktor"]
[Black "Mednis, Edmar John"]
[Result "1-0"]
[WhiteElo "2525"]
[BlackElo "2445"]
[EventDate "1987.08.03"]
[PlyCount "127"]

1.e4 d6 2.d4 Nf6 3.Nc3 g6 4.Be2 Bg7 5.Nf3 O-O 6.O-O Bg4 7.Be3 Nc6 8.d5 
Bxf3 9.Bxf3 Ne5 10.Be2 c6 11.a4 Qa5 12.Ra3 Rfc8 13.Rb3 Rab8 14.Qd4 c5 15.
Qd2 a6 16.f3 Ned7 17.Ra3 Ne8 18.Rfa1 Nef6 19.Kh1 Ne8 20.Qd1 Nef6 21.Bd2 
Ne8 22.Qc1 Nef6 23.Qe1 Re8 24.Rd1 Rf8 25.Bf1 Rbc8 26.Rb3 Rb8 27.Nb5 Qd8 
28.Na3 Ne8 29.Nc4 b6 30.Bg5 f6 31.Bh4 Nc7 32.Bg3 Qe8 33.f4 b5 34.axb5 axb5
35.Na5 c4 36.Re3 Ra8 37.b3 cxb3 38.cxb3 Nc5 39.b4 N5a6 40.e5 fxe5 41.fxe5 
Qd7 42.e6 Qe8 43.Be2 Rf5 44.Bf3 Qf8 45.Nc6 Ne8 46.Be4 Rf6 47.Bh4 Nac7 48.
Qe2 Ra2 49.Qe1 Kh8 50.Bxf6 Nxf6 51.Bf3 Ra8 52.Re2 Nfe8 53.Rf2 Bf6 54.Be4 
Qh6 55.Rf3 Kg8 56.Qf2 Qg7 57.Rf1 Ra4 58.Qe2 Ra8 59.g3 Ra4 60.h4 Ra8 61.Kg2
Qh6 62.Rh1 Qh5 63.Qd2 Ra4 64.Rf4 1-0

[Event "6th OHRA Open"]
[Site "Amsterdam NED"]
[Date "1987.08.04"]
[Round "2"]
[White "Dlugy, Maxim"]
[Black "Peelen, Piet"]
[Result "1-0"]
[WhiteElo "2545"]
[BlackElo "2385"]
[EventDate "1987.08.03"]
[PlyCount "115"]

1.d4 Nf6 2.c4 g6 3.Nc3 d5 4.Nf3 Bg7 5.Qb3 dxc4 6.Qxc4 O-O 7.e4 Bg4 8.Be3 
Nfd7 9.Qb3 Nb6 10.Rd1 Nc6 11.d5 Ne5 12.Be2 Nxf3+ 13.gxf3 Bh5 14.Rg1 Qc8 
15.Rg3 c6 16.dxc6 Qxc6 17.Nb5 Rfc8 18.Nxa7 Rxa7 19.Bxb6 Raa8 20.Rg5 Qf6 
21.Rc5 Qxb2 22.Qxb2 Bxb2 23.Rxc8+ Rxc8 24.Rd7 Rc1+ 25.Kd2 Ra1 26.Bc4 Bf6 
27.Ke2 Rb1 28.Rxb7 Rb4 29.Bd5 Rb2+ 30.Ke3 e6 31.Bc4 Rb4 32.Ba6 Ra4 33.Bc5 
Kg7 34.Bb5 Rxa2 35.Bc4 Rc2 36.Bxe6 Rc3+ 37.Kd2 g5 38.Be3 Rc6 39.Bd5 Rc8 
40.f4 gxf4 41.Bxf4 Re8 42.Bd6 Bg6 43.f3 Be5 44.Bxe5+ Rxe5 45.h3 Rh5 46.f4 
Rxh3 47.f5 Bh5 48.e5 Rh2+ 49.Kd3 Kf8 50.f6 Ke8 51.Re7+ Kd8 52.Bxf7 Rh3+ 
53.Kd4 Rh4+ 54.Kc5 Bxf7 55.Rxf7 Ke8 56.Ra7 Re4 57.Kd5 Rb4 58.e6 1-0

[Event "6th OHRA Open"]
[Site "Amsterdam NED"]
[Date "1987.08.04"]
[Round "2"]
[White "Murey, Jacob"]
[Black "Kuijf, Marinus"]
[Result "1-0"]
[WhiteElo "2505"]
[BlackElo "2430"]
[EventDate "1987.08.03"]
[PlyCount "69"]

1.c4 e6 2.Nf3 d5 3.g3 dxc4 4.Bg2 Nd7 5.Qa4 a6 6.Qxc4 b5 7.Qc2 Bb7 8.a4 b4 
9.O-O Ngf6 10.d3 Bd6 11.Nbd2 O-O 12.b3 e5 13.Bb2 Re8 14.Rfd1 c5 15.Ne4 
Bxe4 16.dxe4 Qe7 17.Nd2 Bc7 18.Nf1 Qe6 19.Ne3 Rec8 20.Qc4 Qc6 21.Nd5 Re8 
22.Nxb4 Qb7 23.Nd5 Rab8 24.Ba3 Nxd5 25.Qxd5 Nf6 26.Qxb7 Rxb7 27.Bxc5 Rxb3 
28.f3 Rc3 29.Bf2 Rb8 30.Bh3 h6 31.Rac1 Rbb3 32.Bc8 a5 33.Ba6 Ne8 34.Kg2 
Bd6 35.Rxc3 1-0

[Event "6th OHRA Open"]
[Site "Amsterdam NED"]
[Date "1987.08.04"]
[Round "2"]
[White "Geller, Efim"]
[Black "Campora, Daniel Hugo"]
[Result "1/2-1/2"]
[WhiteElo "2515"]
[BlackElo "2545"]
[EventDate "1987.08.03"]
[PlyCount "61"]

1.e4 c6 2.d4 d5 3.Nd2 dxe4 4.Nxe4 Bf5 5.Ng3 Bg6 6.h4 h6 7.Nf3 Nf6 8.h5 Bh7
9.Bd3 Bxd3 10.Qxd3 e6 11.Bd2 Nbd7 12.O-O-O Qc7 13.Ne4 O-O-O 14.g3 Nc5 15.
Nxc5 Bxc5 16.Qe2 Bb6 17.c3 Qe7 18.Ne5 Kb8 19.g4 Nd7 20.Nxd7+ Qxd7 21.Qe5+ 
Bc7 22.Qxg7 Qd5 23.Qf6 Qxa2 24.Bxh6 e5 25.Be3 exd4 26.cxd4 c5 27.Bf4 cxd4 
28.Bxc7+ Kxc7 29.Rxd4 Rxd4 30.Qxd4 Rd8 31.Qf4+ 1/2-1/2

[Event "6th OHRA Open"]
[Site "Amsterdam NED"]
[Date "1987.08.04"]
[Round "2"]
[White "Douven, Rudy"]
[Black "Carlier, Bruno"]
[Result "1-0"]
[WhiteElo "2425"]
[BlackElo "2380"]
[EventDate "1987.08.03"]
[PlyCount "69"]

1.d4 Nf6 2.Nf3 e6 3.c4 b6 4.g3 Bb7 5.Bg2 c5 6.d5 exd5 7.Nh4 b5 8.cxd5 d6 
9.Nf5 g6 10.Nh6 Bg7 11.Bg5 Qa5+ 12.Nd2 Nbd7 13.O-O Nb6 14.e4 Nfd7 15.Bh3 
Kf8 16.Be6 f6 17.Bf4 Bxh6 18.Bxh6+ Ke7 19.f4 Kd8 20.Nf3 Kc7 21.e5 fxe5 22.
fxe5 dxe5 23.Nxe5 Nxe5 24.Bf4 Nc4 25.Qe2 Kb6 26.Bxe5 Qd2 27.Qxd2 Nxd2 28.
Rf2 Ne4 29.Re2 Rhe8 30.Rxe4 Rxe6 31.Bc7+ Kxc7 32.Rxe6 Bxd5 33.Re7+ Kb6 34.
Rxh7 Re8 35.Rd1 1-0

[Event "6th OHRA Open"]
[Site "Amsterdam NED"]
[Date "1987.08.04"]
[Round "2"]
[White "Farago, Ivan"]
[Black "Lobron, Eric"]
[Result "1-0"]
[WhiteElo "2475"]
[BlackElo "2530"]
[EventDate "1987.08.03"]
[PlyCount "73"]

1.d4 Nf6 2.c4 e6 3.Nf3 c5 4.d5 exd5 5.cxd5 g6 6.Nc3 Bg7 7.e4 d6 8.Nd2 O-O 
9.Be2 Nbd7 10.O-O Ne5 11.f4 Neg4 12.Nc4 Re8 13.h3 h5 14.hxg4 Nxe4 15.Nxe4 
Rxe4 16.g5 Bg4 17.Bxg4 hxg4 18.Nd2 Rd4 19.Qxg4 Qe7 20.Nf3 Qe2 21.Re1 Rd1 
22.Bd2 Rxa1 23.Rxa1 Bd4+ 24.Kh2 Kg7 25.Be1 Bxb2 26.Rb1 Rh8+ 27.Bh4 b5 28.
f5 Be5+ 29.Kh3 gxf5 30.Qxf5 Qf2 31.Qg4 b4 32.Nxe5 dxe5 33.d6 Qe3+ 34.g3 c4
35.Qxc4 Qxg5 36.Rxb4 f5 37.Rb7+ 1-0

[Event "6th OHRA Open"]
[Site "Amsterdam NED"]
[Date "1987.08.04"]
[Round "2"]
[White "Riemersma, Liafbern"]
[Black "Cifuentes Parada, Roberto"]
[Result "0-1"]
[WhiteElo "2345"]
[BlackElo "2490"]
[EventDate "1987.08.03"]
[PlyCount "76"]

1.e4 c5 2.Nf3 d6 3.d4 cxd4 4.Nxd4 Nf6 5.Nc3 Nc6 6.Bg5 Bd7 7.Qd2 Rc8 8.
O-O-O Nxd4 9.Qxd4 Qa5 10.f4 h6 11.Bh4 g5 12.e5 gxh4 13.exf6 e6 14.Be2 Bc6 
15.Rhe1 Rg8 16.Bf3 Bxf3 17.gxf3 Rg2 18.Qd3 Qa6 19.Qe3 Rc5 20.Rd4 Qc6 21.
Re4 d5 22.Re5 Bd6 23.f5 Bxe5 24.Qxe5 d4 25.Qb8+ Qc8 26.Qd6 Qc7 27.Qxd4 
Rxf5 28.Qxa7 Rxf6 29.Kb1 Kf8 30.Qd4 Kg7 31.Ne4 e5 32.Qd3 Rf4 33.Rc1 Qe7 
34.Qf1 Rg6 35.Qf2 h3 36.Rg1 Qe6 37.Rg3 Qf5 38.a3 Rxe4 0-1

[Event "6th OHRA Open"]
[Site "Amsterdam NED"]
[Date "1987.08.04"]
[Round "2"]
[White "Ligterink, Gert"]
[Black "Van der Sterren, Paul"]
[Result "0-1"]
[WhiteElo "2450"]
[BlackElo "2525"]
[EventDate "1987.08.03"]
[PlyCount "82"]

1.d4 Nf6 2.c4 e6 3.Nc3 d5 4.cxd5 exd5 5.Bg5 c6 6.e3 Be7 7.Bd3 Nbd7 8.Qc2 
O-O 9.Nge2 Re8 10.O-O Nf8 11.a3 Ng6 12.Ng3 Bd6 13.Rae1 h6 14.Bxh6 gxh6 15.
Bxg6 fxg6 16.Qxg6+ Kh8 17.e4 Rg8 18.Qxh6+ Nh7 19.exd5 cxd5 20.Qh5 Bg4 21.
Qxd5 Bxg3 22.fxg3 Qxd5 23.Nxd5 Rgd8 24.Re5 Rac8 25.h3 Be2 26.Rf4 Rc2 27.
Rf2 Bd3 28.Nf4 Rxf2 29.Kxf2 Bb1 30.d5 Nf6 31.Ke3 Ba2 32.Kd4 Kg8 33.g4 Rc8 
34.Rf5 Rc4+ 35.Ke5 Nd7+ 36.Kd6 Nb6 37.g5 Nc8+ 38.Kd7 Nb6+ 39.Ke7 Rxf4 40.
Rxf4 Nxd5+ 41.Kd6 Nxf4 0-1

[Event "6th OHRA Open"]
[Site "Amsterdam NED"]
[Date "1987.08.04"]
[Round "2"]
[White "Winants, Luc"]
[Black "De Boer, Gert Jan"]
[Result "0-1"]
[WhiteElo "2440"]
[BlackElo "2390"]
[EventDate "1987.08.03"]
[PlyCount "83"]

1.d4 Nf6 2.Nf3 g6 3.c4 Bg7 4.Nc3 d5 5.Qb3 dxc4 6.Qxc4 O-O 7.e4 a6 8.Be2 b5
9.Qb3 Nc6 10.d5 Na5 11.Qb4 c6 12.O-O Bb7 13.Bg5 Rc8 14.dxc6 Nxc6 15.Qb3 
Na5 16.Qa3 Nc4 17.Bxc4 Rxc4 18.Rad1 Qb8 19.Nd5 Rxe4 20.Nxe7+ Kh8 21.Rd6 
Ra4 22.Qd3 Ne4 23.Rb6 Nxg5 24.Nxg5 Rg4 25.Nf3 Qc7 26.h3 Rxg2+ 27.Kxg2 Qxb6
28.Re1 Rd8 29.Qe2 Qf6 30.Kg3 Re8 31.Qd3 Rf8 32.b3 Bh6 33.Qd4 Qxd4 34.Nxd4 
Bg5 35.f4 Bf6 36.Nf3 Kg7 37.Re3 Rd8 38.f5 Rd7 39.fxg6 hxg6 40.Nf5+ gxf5 
41.Kf4 Be4 42.Ng5 0-1

[Event "6th OHRA Open"]
[Site "Amsterdam NED"]
[Date "1987.08.04"]
[Round "2"]
[White "Heinbuch, Detlef"]
[Black "Romero Holmes, Alfonso"]
[Result "1/2-1/2"]
[WhiteElo "2380"]
[BlackElo "2440"]
[EventDate "1987.08.03"]
[PlyCount "107"]

1.c4 e5 2.Nc3 Bb4 3.g3 Ne7 4.Bg2 O-O 5.Nf3 Bxc3 6.dxc3 Nbc6 7.e4 d6 8.O-O 
Be6 9.b3 f6 10.h3 Qd7 11.Kh2 Rae8 12.Ne1 f5 13.exf5 Bxf5 14.Nc2 e4 15.Nd4 
Bg6 16.f4 exf3 17.Rxf3 Ne5 18.Rxf8+ Rxf8 19.Bf4 Nd3 20.Be3 d5 21.cxd5 Nxd5
22.Qd2 h5 23.Rf1 h4 24.Rxf8+ Kxf8 25.gxh4 Qd6+ 26.Kg1 Qe5 27.Bg5 Qg3 28.
Qe2 Ne1 29.c4 Nc3 30.Qf2+ Qxf2+ 31.Kxf2 Nxg2 32.Kxg2 Nxa2 33.Ne6+ Kg8 34.
Nxc7 Bc2 35.Nb5 Bxb3 36.Nxa7 Bxc4 37.Kf2 b5 38.Ke3 b4 39.Kd2 b3 40.Nc6 Be6
41.Nd4 Bd5 42.h5 Kh7 43.h4 Bf7 44.Kd3 Bc4+ 45.Kd2 Bd5 46.Be7 Kh6 47.Bf8 
Bg8 48.Nf5+ Kxh5 49.Ne7 Bf7 50.Bxg7 Kxh4 51.Nc6 Kg3 52.Bc3 Kf4 53.Nb4 b2 
54.Nd3+ 1/2-1/2

[Event "6th OHRA Open"]
[Site "Amsterdam NED"]
[Date "1987.08.05"]
[Round "3"]
[White "Campora, Daniel Hugo"]
[Black "Murey, Jacob"]
[Result "1/2-1/2"]
[WhiteElo "2545"]
[BlackElo "2505"]
[EventDate "1987.08.03"]
[PlyCount "107"]

1.e4 e5 2.Nf3 Nc6 3.Nc3 d6 4.Bb5 Ne7 5.d4 a6 6.Bxc6+ Nxc6 7.dxe5 Nxe5 8.
Nxe5 dxe5 9.Qxd8+ Kxd8 10.Bg5+ f6 11.O-O-O+ Bd6 12.Be3 Be6 13.Nd5 Bxd5 14.
Rxd5 Ke7 15.Rhd1 Rhd8 16.R5d3 Rac8 17.Rb3 b5 18.c4 c6 19.a4 Rb8 20.axb5 
axb5 21.cxb5 Rxb5 22.Rxb5 cxb5 23.Rd5 Rb8 24.Kc2 Ke6 25.Kb3 f5 26.f3 fxe4 
27.fxe4 Rb7 28.Kc2 Be7 29.Kb1 Bd6 30.h3 h5 31.Kc2 Be7 32.Kb1 Bd6 33.Ka2 
Be7 34.Bg1 Rd7 35.Rxb5 Rd2 36.g4 hxg4 37.hxg4 Rg2 38.Bc5 Bxc5 39.Rxc5 Rxg4
40.Rc4 Rg2 41.Ka3 g5 42.b4 Rg1 43.Rc6+ Kd7 44.b5 Re1 45.Kb4 Rxe4+ 46.Kc5 
Re1 47.Rg6 Rc1+ 48.Kb6 Rg1 49.Kc5 g4 50.b6 g3 51.Rg7+ Ke6 52.b7 Rb1 53.Kc6
Rc1+ 54.Kb6 1/2-1/2

[Event "6th OHRA Open"]
[Site "Amsterdam NED"]
[Date "1987.08.05"]
[Round "3"]
[White "Rodriguez Cespedes, Amador"]
[Black "Douven, Rudy"]
[Result "1-0"]
[WhiteElo "2515"]
[BlackElo "2425"]
[EventDate "1987.08.03"]
[PlyCount "78"]

1.e4 c5 2.Nf3 e6 3.d4 cxd4 4.Nxd4 Nf6 5.Nc3 d6 6.g4 h6 7.h4 Nc6 8.Rg1 h5 
9.gxh5 Nxh5 10.Bg5 Nf6 11.Qd2 Qb6 12.Nb3 a6 13.Be2 Qc7 14.h5 Nxh5 15.Rh1 
g6 16.Bxh5 gxh5 17.Qe2 b5 18.Rxh5 Rxh5 19.Qxh5 Bb7 20.O-O-O b4 21.Ne2 Rc8 
22.Rd2 Ne5 23.Ng3 a5 24.Nd4 a4 25.f4 Qc4 26.Kb1 Nd7 27.Qf3 Bg7 28.Qd1 a3 
29.e5 axb2 30.Nb3 Bd5 31.Nf5 Bf8 32.Ne3 Qa6 33.Nxd5 exd5 34.Rxd5 Nb6 35.
Ra5 Qc4 36.f5 d5 37.e6 fxe6 38.fxe6 Be7 39.Ra7 Kd8 1-0

[Event "6th OHRA Open"]
[Site "Amsterdam NED"]
[Date "1987.08.05"]
[Round "3"]
[White "Cifuentes Parada, Roberto"]
[Black "Dlugy, Maxim"]
[Result "1/2-1/2"]
[WhiteElo "2490"]
[BlackElo "2545"]
[EventDate "1987.08.03"]
[PlyCount "66"]

1.d4 d5 2.Nf3 c5 3.c4 cxd4 4.cxd5 Nf6 5.Qxd4 Qxd5 6.Nc3 Qxd4 7.Nxd4 Bd7 8.
Ndb5 Kd8 9.Bf4 Nc6 10.Rd1 a6 11.Nd4 Nxd4 12.Rxd4 e6 13.g3 Bc5 14.Rd3 Ke7 
15.Bg2 Ra7 16.O-O Rc8 17.Rfd1 b5 18.h4 h6 19.Bf3 b4 20.Ne4 Nxe4 21.Bxe4 
Bc6 22.Bxc6 Rxc6 23.Rd8 f6 24.Rg8 Kf7 25.Rdd8 e5 26.Bd2 Be7 27.Rc8 Rac7 
28.Rxc7 Rxc7 29.Rb8 a5 30.Be3 Rc2 31.Rb7 Ke6 32.Rb6+ Kd7 33.Rb7+ Ke6 
1/2-1/2

[Event "6th OHRA Open"]
[Site "Amsterdam NED"]
[Date "1987.08.05"]
[Round "3"]
[White "Farago, Ivan"]
[Black "Gavrikov, Viktor"]
[Result "1/2-1/2"]
[WhiteElo "2475"]
[BlackElo "2525"]
[EventDate "1987.08.03"]
[PlyCount "27"]

1.d4 Nf6 2.c4 g6 3.Nc3 d5 4.Nf3 Bg7 5.Bf4 O-O 6.e3 c5 7.dxc5 Qa5 8.Rc1 
dxc4 9.Bxc4 Qxc5 10.Bb3 Nc6 11.O-O Qa5 12.h3 Qa6 13.Nd4 Bd7 14.Ndb5 
1/2-1/2

[Event "6th OHRA Open"]
[Site "Amsterdam NED"]
[Date "1987.08.05"]
[Round "3"]
[White "Winants, Luc"]
[Black "Heinbuch, Detlef"]
[Result "1-0"]
[WhiteElo "2440"]
[BlackElo "2380"]
[EventDate "1987.08.03"]
[PlyCount "59"]

1.d4 d5 2.c4 dxc4 3.e4 c5 4.Nf3 cxd4 5.Qxd4 Qxd4 6.Nxd4 a6 7.Bxc4 e6 8.Be3
Nf6 9.f3 Nbd7 10.Kf2 Ne5 11.Be2 Bd7 12.Nd2 Rc8 13.Rac1 Bd6 14.h3 Bb8 15.
N4b3 Rxc1 16.Rxc1 O-O 17.Nc5 Bc8 18.b4 Nfd7 19.f4 Ng6 20.e5 Nxc5 21.Bxc5 
Re8 22.g3 f6 23.exf6 gxf6 24.Ne4 Kg7 25.Bd6 Ba7+ 26.Kf3 Nh8 27.Rc7+ Nf7 
28.Kg2 Rd8 29.Bh5 Rd7 30.Bxf7 1-0

[Event "6th OHRA Open"]
[Site "Amsterdam NED"]
[Date "1987.08.05"]
[Round "3"]
[White "Gutman, Lev"]
[Black "Carlier, Bruno"]
[Result "1/2-1/2"]
[WhiteElo "2475"]
[BlackElo "2380"]
[EventDate "1987.08.03"]
[PlyCount "125"]

1.Nf3 Nf6 2.g3 d5 3.Bg2 Bg4 4.c4 c6 5.cxd5 cxd5 6.Ne5 Nc6 7.d4 Bf5 8.Nc3 
e6 9.O-O Be7 10.Bg5 O-O 11.Nxc6 bxc6 12.Rc1 Nd7 13.Bxe7 Qxe7 14.Na4 Rfc8 
15.Nc5 Rab8 16.Qd2 Nxc5 17.Rxc5 Qb7 18.b3 Qb4 19.Qxb4 Rxb4 20.e3 Rb5 21.
Rfc1 Rxc5 22.Rxc5 Kf8 23.f3 Ke7 24.e4 dxe4 25.fxe4 Bg6 26.Kf2 f6 27.Ke3 
Kd7 28.e5 Bb1 29.Kd2 f5 30.Bf3 g5 31.Rc1 Be4 32.Bxe4 fxe4 33.Ke3 Rf8 34.
Rc2 g4 35.Kxe4 Rf3 36.b4 a6 37.Rg2 Kc7 38.h3 h5 39.hxg4 hxg4 40.a4 Rb3 41.
Kf4 Rxb4 42.Kxg4 Rxa4 43.Kg5 Rxd4 44.Kf6 Kd7 45.Rh2 c5 46.Rh7+ Kc6 47.Kxe6
Rg4 48.Rh3 c4 49.Kf5 Rg8 50.Rh6+ Kc5 51.g4 a5 52.g5 c3 53.g6 Kd5 54.Rh7 
Rxg6 55.Rd7+ Kc6 56.Rd3 Rg1 57.Rxc3+ Kd5 58.Rd3+ Kc4 59.Re3 Rf1+ 60.Kg6 
Rg1+ 61.Kf7 Rf1+ 62.Ke7 a4 63.e6 1/2-1/2

[Event "6th OHRA Open"]
[Site "Amsterdam NED"]
[Date "1987.08.05"]
[Round "3"]
[White "De Boer, Gert Jan"]
[Black "Ligterink, Gert"]
[Result "1/2-1/2"]
[WhiteElo "2390"]
[BlackElo "2450"]
[EventDate "1987.08.03"]
[PlyCount "59"]

1.d4 Nf6 2.c4 d6 3.Nc3 Bf5 4.f3 e5 5.e4 exd4 6.Qxd4 Be6 7.Be3 g6 8.Qd2 Bg7
9.Bd3 Nbd7 10.Nge2 Ne5 11.b3 c6 12.O-O O-O 13.Nf4 d5 14.cxd5 cxd5 15.exd5 
Nxd5 16.Nfxd5 Bxd5 17.Nxd5 Qxd5 18.Be4 Qxd2 19.Bxd2 Rad8 20.Bg5 Rd7 21.
Rad1 b6 22.Rxd7 Nxd7 23.Rd1 Nc5 24.Bd5 Ne6 25.Bxe6 fxe6 26.Kf2 Rc8 27.Rd8+
Rxd8 28.Bxd8 Kf7 29.Ke3 Ke8 30.Bg5 1/2-1/2